News Quiz of the week - week ending 19th February 2021 - Statistics

General Stats
  • This quiz has been taken 5 times
  • The average score is 4 of 13
Answer Stats
Hint Answer % Correct
Which couple previously in the Royal family announced they are expecting a second child Prince Harry and Meghan Markle
100%
What Italian volcano had a minor eruption this week Mt Etna
80%
Which British royal was admitted to hospital on Tuesday evening with an illness Prince Philip
80%
On what planet did NASA land a space craft this week Mars
60%
Who scored a Hattrick against Barcelona in a 4-1 in the champions league this week Kylian Mbappe
40%
How tall (in cm) was a person recorded as being that got offered a Covid vaccine due to the error meaning their BMI would have been over 20000. 6.2
20%
Who has been announced as the new Countdown host Anne Robinson
20%
The PR chief of which supermarket has been fired after calling the Welsh language "jibberish" Iceland
20%
What car company committed to making all cars electric post 2025 this week Jaguar
20%
What was £184 million worth of cocaine found in in London Banana Boxes
0%
What mid Welsh station had its first train stop for over 50 years this week Bow Street
0%
What bird were a group of birdwatchers attempting to sight in Exmouth, Devon before being fined for breaking Covid restrictions Northern Mockingbird
0%
What is the name of the daughter of Dubais daughter, who is in the news for being held hostage this week. Princess Latifa
0%
No matching quizzes found
Score Distribution
Percent of People with Each Score
Percentile by Number Answered
Your Score History
You have not taken this quiz